Gran enciclopedia de Colombia (Registro nro. 13461)

000 -CABECERA
campo de control de longitud fija 01944nam a2200409Ia 4500
003 - IDENTIFICADOR DEL NÚMERO DE CONTROL
campo de control OSt
005 - FECHA Y HORA DE LA ÚLTIMA TRANSACCIÓN
campo de control 20210527084426.0
008 - DATOS DE LONGITUD FIJA--INFORMACIÓN GENERAL
campo de control de longitud fija 141031s2007 ck ao gs 000 0 spa d
020 ## - NÚMERO INTERNACIONAL ESTÁNDAR DEL LIBRO
Número Internacional Estándar del Libro 9789580805069
040 ## - FUENTE DE LA CATALOGACIÓN
Centro catalogador/agencia de origen CO-BoRNBP
Lengua de catalogación spa
Centro/agencia transcriptor CO-BoRNBP
Normas de descripción rda
082 04 - NÚMERO DE LA CLASIFICACIÓN DECIMAL DEWEY
Número de clasificación R 986.1
Número de documento/Ítem G71
245 00 - MENCIÓN DE TÍTULO
Título Gran enciclopedia de Colombia
Mención de responsabilidad, etc. Dirigido por Fernando Wills Franco
250 ## - MENCIÓN DE EDICIÓN
Mención de edición Primera edición
264 #1 - PRODUCCIÓN, PUBLICACIÓN, DISTRIBUCIÓN, FABRICACIÓN Y COPYRIGHT
Producción, publicación, distribución, fabricación y copyright Bogotá
Nombre del de productor, editor, distribuidor, fabricante Círculo de Lectores
Fecha de producción, publicación, distribución, fabricación o copyright 2007
300 ## - DESCRIPCIÓN FÍSICA
Extensión volumen 1
Otras características físicas ilustraciones y fotografías en blanco y negro
Dimensiones 27 cm
336 ## - TIPO DE CONTENIDO
Término de tipo de contenido texto
Código de tipo de contenido txt
Fuente rdacontent
337 ## - TIPO DE MEDIO
Nombre/término del tipo de medio sin mediación
Código del tipo de medio n
Fuente rdamedia
338 ## - TIPO DE SOPORTE
Nombre/término del tipo de soporte volumen
Código del tipo de soporte nc
Fuente rdacarrier
505 3# - NOTA DE CONTENIDO CON FORMATO
Nota de contenido con formato Volumen 1. Historia 1 : desde la prehistoria hasta el alzamiento del común
521 ## - NOTA DE PÚBLICO DESTINATARIO
Nota de público destinatario Recomendado desde los 12 años
650 14 - PUNTO DE ACCESO ADICIONAL DE MATERIA--TÉRMINO DE MATERIA
Término de materia o nombre geográfico como elemento de entrada Literatura colombiana
Subdivisión general Historia y crítica
Subdivisión de forma Enciclopedias
Fuente del encabezamiento o término LEMB
9 (RLIN) 124586
650 14 - PUNTO DE ACCESO ADICIONAL DE MATERIA--TÉRMINO DE MATERIA
Término de materia o nombre geográfico como elemento de entrada Autores colombianos
Subdivisión de forma Biografías
Fuente del encabezamiento o término LEMB
9 (RLIN) 3685
650 14 - PUNTO DE ACCESO ADICIONAL DE MATERIA--TÉRMINO DE MATERIA
Término de materia o nombre geográfico como elemento de entrada Historia económica
Subdivisión de forma Enciclopedias
Subdivisión geográfica Colombia
Fuente del encabezamiento o término LEMB
9 (RLIN) 93280
650 14 - PUNTO DE ACCESO ADICIONAL DE MATERIA--TÉRMINO DE MATERIA
Término de materia o nombre geográfico como elemento de entrada Arte colombiano
Subdivisión de forma Enciclopedias
Subdivisión general Historia
Fuente del encabezamiento o término LEMB
9 (RLIN) 93281
650 14 - PUNTO DE ACCESO ADICIONAL DE MATERIA--TÉRMINO DE MATERIA
Término de materia o nombre geográfico como elemento de entrada Cultura
Subdivisión de forma Enciclopedias
Subdivisión geográfica Colombia
Fuente del encabezamiento o término LEMB
9 (RLIN) 93282
650 14 - PUNTO DE ACCESO ADICIONAL DE MATERIA--TÉRMINO DE MATERIA
Término de materia o nombre geográfico como elemento de entrada Historia económica
Subdivisión de forma Enciclopedias
Subdivisión geográfica Colombia
Fuente del encabezamiento o término LEMB
9 (RLIN) 93280
651 #4 - PUNTO DE ACCESO ADICIONAL DE MATERIA--NOMBRE GEOGRÁFICO
Nombre geográfico Colombia
Subdivisión de forma Enciclopedias
Subdivisión general Historia
9 (RLIN) 124587
651 #4 - PUNTO DE ACCESO ADICIONAL DE MATERIA--NOMBRE GEOGRÁFICO
Nombre geográfico Colombia
Subdivisión de forma Enciclopedias
Subdivisión general Gramática
9 (RLIN) 93284
651 #4 - PUNTO DE ACCESO ADICIONAL DE MATERIA--NOMBRE GEOGRÁFICO
Nombre geográfico Colombia
Subdivisión de forma Enciclopedias
Subdivisión general Geografía
9 (RLIN) 12552
651 #4 - PUNTO DE ACCESO ADICIONAL DE MATERIA--NOMBRE GEOGRÁFICO
Nombre geográfico Colombia
Subdivisión de forma Enciclopedias
Subdivisión general Política
9 (RLIN) 93285
700 1# - PUNTO DE ACCESO ADICIONAL--NOMBRE DE PERSONA
Nombre de persona Wills Franco, Fernando,
Término indicativo de función/relación director
9 (RLIN) 124588
700 1# - PUNTO DE ACCESO ADICIONAL--NOMBRE DE PERSONA
Nombre de persona Ordóñez, Fredy,
Término indicativo de función/relación edición
9 (RLIN) 124589
700 1# - PUNTO DE ACCESO ADICIONAL--NOMBRE DE PERSONA
Nombre de persona Perry, Jimena,
Término indicativo de función/relación edición
9 (RLIN) 124590
700 1# - PUNTO DE ACCESO ADICIONAL--NOMBRE DE PERSONA
Nombre de persona Roesel, Mónica,
Término indicativo de función/relación edición
9 (RLIN) 124591
740 ## - PUNTO DE ACCESO ADICIONAL--TÍTULO RELACIONADO O ANALÍTICO NO CONTROLADO
Título relacionado o analítico no controlado Historia 1: desde la prehistoria hasta el alzamiento del común \ Historia 2: desde los precursores de la independencia hasta el radicalismo \ Historia 3: desde la regeneración hasta los gobiernos de Álvaro Uribe Vélez \ Historia 4: Literatura 1: desde la
942 ## - ELEMENTOS DE PUNTO DE ACCESO ADICIONAL (KOHA)
Fuente del sistema de clasificación o colocación
Tipo de ítem Koha Referencia
Existencias
Estado de retiro Estado de pérdida Fuente del sistema de clasificación o colocación Estado dañado No para préstamo Código de colección Localización permanente Ubicación/localización actual Fecha de adquisición Fuente de adquisición Total de préstamos Renovaciones totales Signatura topográfica completa Código de barras Fecha visto por última vez Fecha del último préstamo Número de copia Precio válido a partir de Tipo de ítem Koha Nota pública
          Colección General Biblioteca Pública San Juan Bosco Biblioteca Pública San Juan Bosco 27/05/2021 Donación 2 1 986.1 G71 MOS501074 28/06/2022 11/08/2021 V1. EJ1 27/05/2021 Libro Ocho dias

© Todos los derechos reservados para la Biblioteca Pública Municipal San Juan Bosco, 2020
Secretaria de Cultura de Mosquera
Carrera 3 N° 10 Esquina Centro Cultural Barrio El Carmén Teléfono: 8270830 Ext: 34
Funcionando con KOHA
Contacto: Biblioteca Pública Municipal San Juan Bosco/ bibliotecasanjuanbosco@mosquera-cundinamarca.gov.co
Mosquera, Cundinamarca